| 000 | 01293nam0a22002651 4500 | ||
|---|---|---|---|
| 001 | rc\4314758 | ||
| 005 | 20130416131020.4 | ||
| 021 |
_aRU _bП3988-61 |
||
| 035 | _a(NLR Aleph) 008262311 | ||
| 090 |
_a8404813 _c8404813 |
||
| 100 | _a20130416d1961 |||y0rusy50 ca | ||
| 101 | 0 | _arus | |
| 102 | _aRU | ||
| 105 | _ay d ||||| | ||
| 200 | 1 |
_aМеханизированные и автоматизированные приспособления к металлорежущим станкам _e[Реферативный сборник] _fГос. Ком. Совета Министров РСФСР по координации науч.-исслед. работ. Центр. ин-т техн.-экон. информации |
|
| 210 |
_aМосква _cБ. и. _d1961 |
||
| 215 |
_a108 с. _d26 |
||
| 225 | 1 |
_aПередовой научно-технический и производственный опыт _v№ М-61-318. Тема 6 _iОрганизация процессов обработки металлов резанием _vВып. 74 |
|
| 300 | _aНа обороте тит. л.: сост. инж. С.А. Васильев | ||
| 700 | 1 |
_aВасильев _bС. А. _4220 |
|
| 801 | 0 |
_aRU _bNLR _gpsbo |
|
| 801 | 1 |
_aRU _bELAR _2rusmarc |
|
| 852 |
_aNLR _jП11/1538 |
||
| 942 | _cBOOK | ||
| 980 | _aNB | ||